000
00296nam a2200121Ia 4500
008
210430s9999 xx 000 0 und d
082
_a
347W116 A
100
_a
H.W.R.Wade
245
_a
Adminstrative Law
_c
H.W.R.Wade
260
_a
New york
_b
Giruffre
_c
2007
300
_a
1035p
942
_c
BK
_2
ddc
999
_c
562573
_d
562573